Linguistic and Oriental Essays (Record no. 1830)

MARC details
000 -LEADER
fixed length control field 00646nam a2200241 a 4500
020 ## - INTERNATIONAL STANDARD BOOK NUMBER
ISBN
082 00 - DEWEY DECIMAL CLASSIFICATION NUMBER
Classification number 220.5
Author Cutter CUS
100 ## - MAIN ENTRY--AUTHOR NAME
Author name Cust, Robert Needham
245 ## - TITLE STATEMENT
Title Linguistic and Oriental Essays
Sub title Written from the Year 1847 to 1890
260 ## - PUBLICATION, DISTRIBUTION, ETC. (IMPRINT)
Place of publication London
Name of publisher Kegna Paul Trench and Company
Year of publication 1891
300 ## - PHYSICAL DESCRIPTION
Number of Pages 608p
500 ## - GENERAL NOTE
General note includes index and biblioraphy
505 2# - FORMATTED CONTENTS NOTE
Formatted contents note index
650 ## - SUBJECT ADDED ENTRY--TOPICAL TERM
Topical Term Bible-Versions-Translations
942 ## - ADDED ENTRY ELEMENTS (KOHA)
Koha item type Books
700 1# -
-- Cust, Robert Needham
Holdings
Home library Current library Date acquired Cost, normal purchase price Full call number Accession Number Koha item type
Henry Martyn Institute Library Henry Martyn Institute Library 09/24/2008 100.00 220.5 CUS 364 Archive Book
                   Copyright © 2026 | Henry Martyn Institute | Hyderabad | TS-500052 | INDIA | Implemented by hmi.edu.in
Hit-Count:

Powered by Koha